000 00648nam a2200133Ia 4500
008 171212s9999 xx 000 0 und d
020 _a9780833025951
100 _aLorell, Mark A.;Levaux, Hugh P.;Giddens, Elizabeth;Gross, Jennifer;Moller, Erik
245 _cLorell, Mark A.;Levaux, Hugh P.;Giddens, Elizabeth;Gross, Jennifer;Moller, Erik
_aThe Cutting Edge
_bA Half Century of U.S. Fighter Aircraft R&D
260 _bRAND Corporation
_c1998
650 _aAeronautics, Military -- Research -- United States -- History; Fighter planes -- Research -- United States -- History
650 _aTechnology
856 _uwww.jstor.org/stable/10.7249/mr939af
999 _c352632
_d352632